A nemzetiségi kérdés az araboknál arab kutfők [!kútfők] nyomán /
Elmentve itt :
| Szerző: | |
|---|---|
| Dokumentumtípus: | Cikk |
| Megjelent: |
1873
|
| Sorozat: | Kolligátum
|
| Kulcsszavak: | Nemzeti tudat - arab - története, Iszlám története |
| Online Access: | http://misc.bibl.u-szeged.hu/22712 |
| LEADER | 00609nab a2200169 i 4500 | ||
|---|---|---|---|
| 001 | misc22712 | ||
| 005 | 20191111110729.0 | ||
| 008 | 170914s1873 hu o 0|| zxx d | ||
| 040 | |a SZTE Miscellanea Repozitórium |b hun | ||
| 041 | |a zxx | ||
| 100 | 1 | |a Goldziher Ignác | |
| 245 | 1 | 2 | |a A nemzetiségi kérdés az araboknál |h [elektronikus dokumentum] : |b arab kutfők [!kútfők] nyomán / |c Goldziher Ignác |
| 260 | |c 1873 | ||
| 300 | |a 1-64 | ||
| 490 | 0 | |a Kolligátum | |
| 695 | |a Nemzeti tudat - arab - története, Iszlám története | ||
| 856 | 4 | 0 | |u http://misc.bibl.u-szeged.hu/22712/1/18500_001-064.pdf |z Dokumentum-elérés |